Space Multiple Choice #2 - Statistics

General Stats
  • This quiz has been taken 107 times
  • The average score is 8 of 15
Answer Stats
Question Answer % Correct
Where does moon's light come from? The sun
100%
Which planet from the Sun is the Earth? 3rd
92%
Which moon of Saturn has methane lakes? Titan
92%
Which is denser? Water
85%
Where are comets said to come from? The Oort Cloud
69%
Which of these planets has the thickest atmosphere? Venus
62%
About how big is the solar system? (in AU) 122
54%
What is the biggest known galaxy? IC 1101
46%
What is (about) the diameter of the known universe? (Light years) 93 billion
38%
How many moons are bigger than Mercury? 2
31%
What was the first satellite beyond the Solar System? Voyager I
31%
What makes up most of the universe? Dark energy
23%
What kind of galaxy is most common? Elliptical
23%
Which of these is a Yellow Hypergiant? Rho Cassiopeiae
23%
What is the border between light and dark on the Moon called? The Terminator
15%
No matching quizzes found
Score Distribution
Percent of People with Each Score
Percentile by Number Answered
Your Score History
You have not taken this quiz